[Event "Dvorkovich Memorial Rapid 2018"]
[Site "Taganrog"]
[Date "2018.01.14"]
[Round "10"]
[White "Belyakov, Bogdan"]
[Black "Murzin, Volodar"]
[Result "1-0"]
[WhiteElo "2486"]
[BlackElo "2268"]
[Annotator "TA"]
[PlyCount "111"]
[EventDate "2018.??.??"]
[EventType "swiss"]
[EventCountry "RUS"]
[SourceTitle "playchess.com"]
[Source "ChessBase"]
[SourceQuality "1"]

{[%evp 9,111,21,43,36,58,0,0,-2,-4,0,-3,-10,0,-6,13,0,32,41,41,9,18,9,15,8,2,2,22,21,23,18,83,55,46,39,27,35,33,31,76,55,73,60,64,57,80,80,89,64,89,86,86,54,76,76,90,79,87,79,81,81,79,79,79,79,109,62,238,238,254,200,277,277,210,208,383,389,390,269,383,200,200,200,200,200,200,200,200,200,200,200,193,179,171,0,179,171,178,171,171,162,29976,29976,29976,29979]} 1. e4 c5 2. c3 d6 3. d4 Nf6 4. Nd2 (4. Bd3 cxd4 5. cxd4 g6 6. Nf3 Bg7 7. Nc3 O-O 8. O-O Bg4 9. h3 Bxf3 10. Qxf3 Nc6 11. Be3 Nd7 12. Ne2 Nde5 13. dxe5 Nxe5 14. Qg3 Nxd3 15. Bd4 Bxd4 16. Nxd4 {0-1 (58) Nepomniachtchi,I (2751)-Karjakin,S (2783) chess.com INT 2017}) 4... cxd4 5. cxd4 e6 6. Ngf3 {B22: Sicilian: 2 c3} Be7 7. g3 $146 (7. Bd3 $14) ({Find the theoretical novelty and annotate with similar games:} 7. Bd3 O-O 8. Qe2 Nc6 9. e5 dxe5 10. dxe5 Nd5 11. Qe4 g6 {0-1 (46) Kastelik,A (2114)-Czachor,G (2078) Jastrzebia Gora 2016}) 7... O-O 8. Bg2 {The position is equal.} Nc6 9. O-O d5 10. Re1 dxe4 11. Nxe4 Nd5 12. Ne5 Nxe5 13. dxe5 Bd7 14. Qh5 Bc6 15. Bg5 Bxg5 16. Nxg5 {[%csl Gg5][%cal Rh5h7]} h6 17. Ne4 Qe7 18. a3 Rad8 19. Rac1 f5 (19... Nb6 $11) 20. exf6 Nxf6 21. Nxf6+ Qxf6 22. Qe2 Bxg2 23. Kxg2 Rde8 24. Rc2 e5 25. Qe4 Re7 26. Re3 Qe6 27. Rd2 Kh8 28. Rde2 Qd6 29. Rd3 Qb6 30. Rf3 {[%cal Rf3f8]} Rfe8 31. Rd2 a6 32. b4 a5 33. Rd5 axb4 34. axb4 {[%cal Ba3b4,Bb4b5][%mdl 32]} Qc6 35. b5 Qb6 36. h4 {[%cal Bh2h4,Bh4h5][%mdl 32]} Qe6 37. h5 Rf7 $2 {[#]} (37... Qc8 $14) 38. Rxf7 $1 $18 Qxf7 39. Rxe5 Rxe5 40. Qxe5 {[%mdl 4096] Endgame KQ-KQ} Qd7 41. Qc5 Kg8 $2 (41... Kh7 {was called for.} 42. Qc4 b6) 42. Qc4+ Kh7 43. g4 Kh8 (43... b6 $142 44. f3 Qd8) 44. Kg3 (44. b6 $142 Kh7 45. f3) 44... Qd6+ 45. Kh3 {aiming for Qc8+.} b6 46. Qc6 Qd4 47. Qc8+ Kh7 48. Qf5+ Kh8 49. Kg2 Kg8 50. Kf3 Qc3+ 51. Kg2 {Threatens to win with Qe6+.} Qd4 $1 52. Qe6+ Kh8 53. Qe2 Kg8 54. f3 {And now Qe8+ would win.} Kh8 $2 {[#]} (54... Kf7 $18 55. Qf2 Qd6) 55. Qe8+ Kh7 56. Qe4+ {Precision: White = 43%, Black = 41%.} 1-0

[Event "Dvorkovich Memorial Rapid 2018"]
[Site "Taganrog"]
[Date "2018.01.14"]
[Round "10"]
[White "Golubov, Saveliy"]
[Black "Potapov, Pavel"]
[Result "0-1"]
[WhiteElo "2484"]
[BlackElo "2479"]
[Annotator "TA"]
[PlyCount "74"]
[EventDate "2018.??.??"]
[EventType "swiss"]
[EventCountry "RUS"]
[SourceTitle "playchess.com"]
[Source "ChessBase"]
[SourceQuality "1"]

{[%evp 17,74,-5,2,-13,51,25,29,16,29,27,27,34,60,47,112,108,136,121,135,143,223,200,195,128,134,120,132,135,101,118,141,39,72,37,37,31,36,54,38,0,91,70,156,70,85,68,33,-425,0,-72,-89,-194,-190,-226,224,0,72,-29991,-29992]} 1. e4 d5 2. exd5 Qxd5 3. Nf3 Nf6 4. d4 g6 5. Nc3 Qd6 6. Bc4 Bg7 7. O-O O-O 8. h3 a6 9. Re1 {B01: Scandinavian Defence} b5 {[%cal Bb7b5,Bb5b4][%mdl 32] LiveBook: 3 Games} 10. Bd3 Nc6 $146 (10... Bb7 $11) ({Predecessor:} 10... Bb7 11. Bg5 Nbd7 12. Ne4 Bxe4 13. Bxe4 Rad8 14. c3 h6 15. Bh4 Nh5 16. Bxe7 Qxe7 17. Bxg6 Qxe1+ 18. Qxe1 fxg6 {½-½ (33) Sax,G (2529)-Chatalbashev,B (2606) Sibenik 2010}) 11. a4 {White is slightly better.} b4 12. Ne4 Nxe4 13. Bxe4 Bb7 14. Bg5 {[%cal Bc1g5,Bg5h4,Bh4g3,Bg3h2][%mdl 32]} Rae8 15. c3 h6 ({Black should try} 15... Ba8 $14) 16. Bh4 $16 f5 17. Bg3 f4 18. Bh2 a5 (18... g5 $16 19. Bc2 Bc8) 19. Qb3+ Kh7 20. Ne5 (20. Qc2 $18) 20... Nxe5 21. Bxb7 Qb6 22. Bd5 $1 e6 23. Be4 Nd7 24. Qc4 (24. Qc2 $1 $16 e5 25. cxb4) 24... c5 25. Rad1 cxd4 26. cxd4 e5 27. dxe5 Nxe5 28. Qc2 Rf6 (28... b3 $11 29. Qc1 Rc8) 29. b3 Kh8 (29... Rff8 $14) 30. Rd5 ({White should play} 30. Kh1 $16) 30... g5 31. Rb5 Qd4 {Threatens to win with ...Nd3.} 32. Rxa5 $2 {[%mdl 8192]} (32. Rd1 $14 Qc3 33. Qb1 (33. Rxa5 Rd6 $11)) 32... Rfe6 $2 (32... Nd3 $1 $19 {[%cal Rd3e1]} 33. Ra8 Rfe6 34. Rxe8+ (34. Rd1 $2 Qxe4 35. Rxe8+ Rxe8 $19) 34... Rxe8 35. Qxd3 Qxd3 36. Bxd3 Rxe1+ 37. Bf1 Rb1) 33. Rd1 (33. Rf1 $11) 33... Qc3 $1 $17 {[%cal Rc3c2]} 34. f3 (34. Rc5 $17 Nc4 35. Rxc4 Rxe4 36. Qxc3 bxc3 37. Rxe4 Rxe4 38. Kf1) 34... Nc6 $40 {[%mdl 128] Black goes for the king.} 35. Rad5 {[#] Black must now prevent Qd3.} Nd4 $4 {[%mdl 8192] [#]} (35... Rxe4 $1 $19 {[%mdl 512]} 36. Qxc3 (36. Qxe4 Rxe4) 36... bxc3 37. fxe4 c2) 36. Qa2 $2 (36. Qf2 $1 $18) 36... Qxb3 (36... Nxb3 $11 {keeps the balance.} 37. R5d3 Qc5+ 38. Kh1 Nc1 39. Qxe6 Rxe6 40. Rd8+ Bf8) 37. Qf2 $2 {[%mdl 8192]} (37. Qxb3 $16 Nxb3 38. g3) 37... Qxd1+ {Precision: White = 30%, Black = 35%.} 0-1

[Event "Dvorkovich Memorial Rapid 2018"]
[Site "Taganrog"]
[Date "2018.01.14"]
[Round "10"]
[White "Pogonina, Natalija"]
[Black "Tyurin, Artem"]
[Result "1-0"]
[WhiteElo "2478"]
[BlackElo "1820"]
[Annotator "TA"]
[PlyCount "62"]
[EventDate "2018.??.??"]
[EventType "swiss"]
[EventCountry "RUS"]
[SourceTitle "playchess.com"]
[Source "ChessBase"]
[SourceQuality "1"]

{[%evp 17,62,27,18,0,5,0,79,62,91,69,109,96,152,147,134,142,199,214,350,340,322,321,427,392,1156,1156,1138,1119,1310,1296,1268,1253,1871,1861,1440,1218,29988,29989,29989,29990,29990,29991,29991,29992,29992,29993,29994]} 1. d4 Nf6 2. c4 g6 3. Nf3 Bg7 4. e3 O-O 5. Be2 d5 6. cxd5 {E60: King's Indian: Unusual lines and Fianchetto Variation without Nc3} Nxd5 7. e4 Nb6 8. O-O c5 9. d5 e6 {[%cal Re6d5] LiveBook: 5 Games} 10. Nc3 exd5 11. exd5 Bf5 (11... Bxc3 $1 $11 12. bxc3 Qxd5) (11... Bxc3 12. bxc3 Qxd5 {½-½ (87) Grischuk,A (2772)-Mamedyarov,S (2799) Riadh 2017}) 12. Bg5 $16 Qc8 $146 ({Predecessor:} 12... Bf6 13. Bxf6 Qxf6 14. Qb3 N8d7 15. Rac1 {0-1 (27) Figueroa,M (2214)-Thorhallsson,T (2448) Turin 2006}) 13. Qd2 Na6 14. Rad1 f6 (14... Re8 $142) 15. Bf4 Rd8 16. d6 Nb4 (16... Qd7 $16 17. Rfe1 Qf7) 17. a3 $18 Nc2 {[#]} (17... Nc6 {is a better defense.} 18. Nb5 Be4) 18. g4 $1 {[%mdl 512]} Bxg4 19. Qxc2 Bh3 20. Rfe1 f5 $2 (20... Qf5 21. Qxf5 Bxf5) 21. Ng5 h6 22. Nxh3 g5 {[#]} 23. Nxg5 $1 hxg5 24. Bxg5 Rf8 25. Nd5 Nxd5 26. Rxd5 f4 27. d7 {White mates.} Qc6 28. Bc4 Kh8 29. d8=Q Raxd8 30. Rxd8 Rxd8 31. Bxd8 Bf8 {Precision: White = 90%, Black = 32%.} 1-0

[Event "Dvorkovich Memorial Rapid 2018"]
[Site "Taganrog"]
[Date "2018.01.14"]
[Round "10"]
[White "Kharchenko, Boris"]
[Black "Potapenko, Denis"]
[Result "1-0"]
[WhiteElo "2464"]
[BlackElo "2158"]
[Annotator "TA"]
[PlyCount "125"]
[EventDate "2018.??.??"]
[EventType "swiss"]
[EventCountry "RUS"]
[SourceTitle "playchess.com"]
[Source "ChessBase"]
[SourceQuality "1"]

{[%evp 17,125,19,33,4,24,19,18,41,32,23,21,0,37,43,212,144,183,129,135,131,180,142,128,136,118,116,148,104,118,0,0,14,115,127,152,87,110,77,106,56,77,45,54,70,169,70,166,115,99,65,129,89,312,295,419,414,410,399,318,316,406,397,412,413,398,283,269,50,50,52,51,33,63,14,16,0,346,345,324,343,338,219,329,333,326,326,293,294,305,302,1508,1476,1019,1127,883,745,546,447,29987,29988,29989,29990,29991,29989,29991,29992,29992,29993,29993,29994]} 1. e4 d5 2. exd5 Qxd5 3. Nc3 Qa5 4. d4 Nf6 5. Nf3 c6 6. Ne5 Bf5 7. g4 Be6 8. Nc4 Bxc4 {B01: Scandinavian Defence} (8... Qc7 9. g5 Nd5 10. Ne4 Nd7 11. Na3 Bf5 12. Ng3 Bg6 13. c4 Nb4 14. f4 e6 15. Qf3 O-O-O 16. Bd2 {½-½ (50) Pikula,D (2535)-Saric,S (2444) Kragujevac 2010}) 9. Bxc4 e6 {LiveBook: 4 Games} 10. Qf3 $146 ({Predecessor:} 10. Qe2 Nbd7 11. Bd2 Bb4 12. a3 O-O-O 13. h3 Nd5 14. Nxd5 Bxd2+ 15. Qxd2 Qxd2+ 16. Kxd2 exd5 {½-½ (35) Padmini,R (2408)-Zhou,G (2239) China 2016}) 10... Bb4 {The position is equal.} (10... Nbd7 {keeps more tension.} 11. g5 Nd5 12. Bd2 Bb4 13. h4 O-O) 11. O-O Bxc3 12. bxc3 Nbd7 13. Re1 O-O 14. Bd3 h6 15. h4 Nh7 $2 (15... e5 $14) 16. Bd2 Qd8 17. Qg3 (17. Qh3 $18) 17... Re8 $16 18. Rab1 b6 19. f4 Qc7 20. Qf3 Ndf8 21. h5 Rad8 22. Re2 c5 23. Bb5 ({Better is} 23. g5 $1 $16) 23... Re7 $11 24. Be3 {[%cal Bd2e3,Be3f2,Bf2g3][%mdl 32]} c4 (24... Nf6 $11) 25. Rb4 Rd5 26. Rxc4 (26. Bd2 $142) 26... Qd8 $16 27. Bc6 Ra5 28. a4 Rc7 29. Bf2 $36 {[%mdl 2048] White has some pressure.} Nf6 30. Bg3 Nd5 ({Black should play} 30... a6 $14) 31. Bxd5 (31. f5 $18 {Threatens to win with Bxd5.} Re7 32. Bh4) 31... exd5 (31... Rxd5 $14 32. Rxc7 Qxc7) 32. Rxc7 (32. Bh4 $18 Qd7 33. Rxc7 Qxc7 34. Re8) 32... Qxc7 33. f5 Qd7 (33... Qd8 $14) 34. Qe3 {Hoping for Qe8.} Rxa4 $2 (34... f6 $16) 35. Qe8 $18 Rc4 {[#]} (35... f6 {might work better.} 36. Qb8 Ra1+ 37. Kh2 Qb5) 36. Re7 $1 {White threatens Qxf7+ and mate.} Qxe8 37. Rxe8 {[%mdl 4096] Endgame KRB-KRN} Rc6 {[#] and the idea ...f6 leaves Black hopeful.} 38. c4 $1 {[%mdl 512]} dxc4 (38... Rxc4 39. Bd6) 39. d5 Rc5 40. Bd6 Rxd5 41. Bxf8 {KRB-KR} ({Less strong is} 41. Rxf8+ Kh7 $18) 41... Kh7 42. Bb4 $2 (42. Kf2 $18) 42... Rd4 $1 $14 43. Re7 Rxg4+ 44. Kh2 {Black must now prevent Bc3.} Kg8 45. Re8+ Kh7 46. Re7 {aiming for Bc3.} Rh4+ $2 {[%mdl 8192]} (46... Kg8 $11) 47. Kg3 $18 Rxh5 48. Rxf7 Kg8 {[#]} 49. Rf8+ $1 (49. Rxa7 Rxf5 50. Bc3 Rg5+ 51. Kf4 Rg2 $16) 49... Kh7 50. Bc3 Rg5+ 51. Kf4 Rg2 52. Rf7 Kg8 53. Rxa7 Rxc2 $2 (53... h5 54. Bd4 Rg4+ 55. Ke5 h4 56. Bxb6 h3 57. Ra8+ Kh7) 54. Rxg7+ Kf8 55. Bf6 Rf2+ 56. Ke5 Re2+ 57. Kd5 b5 (57... Rd2+ $18 58. Ke4 (58. Kxc4 b5+ 59. Kc5 Rf2 $18) 58... Re2+ 59. Kf3 Re1) 58. Rb7 {White mates.} h5 59. Be5 c3 60. Bxc3 h4 61. f6 Rf2 62. Ke6 {[%cal Rb7b8]} Re2+ 63. Be5 {Precision: White = 51%, Black = 37%.} 1-0

[Event "Dvorkovich Memorial Rapid 2018"]
[Site "Taganrog"]
[Date "2018.01.14"]
[Round "10"]
[White "Zakaryan, David"]
[Black "Balashov, Yuri S"]
[Result "0-1"]
[WhiteElo "2420"]
[BlackElo "2434"]
[Annotator "TA"]
[PlyCount "100"]
[EventDate "2018.??.??"]
[EventType "swiss"]
[EventCountry "RUS"]
[SourceTitle "playchess.com"]
[Source "ChessBase"]
[SourceQuality "1"]

{[%evp 13,100,-1,8,7,4,-36,-40,-29,-38,-48,-59,-133,-126,-243,-235,-335,-222,-220,-225,-195,-130,-157,-155,-162,-159,-162,-149,-234,-225,-219,-195,-198,-196,-194,-135,-137,-141,-139,-115,-123,-122,-144,-135,-140,-132,-145,-136,-134,-132,-148,-143,-239,-239,-239,-239,-239,-238,-188,-183,-235,-185,-164,-164,-303,-257,-300,-284,-401,-401,-401,-396,-459,-442,-464,-412,-2342,-2171,-2021,-2168,-2168,-1803,-2151,-2046,-1973,-1914,-29988,-29979,-29979,-29980]} 1. d4 Nf6 2. Nf3 e6 3. Bg5 h6 4. Bxf6 Qxf6 5. e4 d6 6. Nc3 a6 7. Bd3 {A46: 1 d4 Nf6 2 Nf3 e6: Torre, London and Colle Systems} Nd7 {[%cal Bb8d7,Bd7e5,Be5c6][%mdl 32] LiveBook: 6 Games} 8. O-O (8. Qe2 Qd8 9. O-O Be7 10. e5 d5 11. Nd1 c5 12. c3 Qb6 13. a3 Nb8 14. b4 c4 {½-½ (36) Aranha Filho,A (2343)-Delgado Ramirez,N (2603) Curitiba 2017}) 8... g5 {[%cal Bg7g5,Bg5g4][%mdl 32]} 9. Re1 {The position is equal.} g4 10. e5 $146 ({Predecessor:} 10. Nd2) 10... Qg7 11. Nd2 dxe5 12. dxe5 ({Better is} 12. d5 $15) 12... Nxe5 $17 13. Nde4 (13. Re3 $17) 13... Bd7 $19 14. Qd2 (14. Nd2 {was necessary.}) 14... O-O-O 15. Qe3 {intending Qa7.} Nc6 16. Nc5 Qd4 (16... Be8 $19 17. Be4 Qg5) 17. Nxd7 {[#] Hoping for Qxd4.} Qxe3 ({Don't do} 17... Qxd7 18. Rad1 $17) ({Don't play} 17... Kxd7 18. Qxd4+ Nxd4 19. Re4 $11) 18. Rxe3 Rxd7 19. h3 h5 {[%cal Bh6h5,Bh5g4][%mdl 32]} 20. hxg4 (20. Be4 $17 {is a better defense.}) 20... hxg4 {...Bc5 is the strong threat.} 21. Ne2 Bc5 22. Re4 Rg8 {aiming for ...g3.} 23. g3 Nb4 (23... Kb8 $19 24. Kg2 Rd6) 24. Nf4 $17 Rg5 25. a3 Nxd3 26. Nxd3 Bd4 27. Rd1 Rd6 28. Kg2 c5 29. b3 b5 30. Rh1 c4 31. bxc4 bxc4 32. Nf4 (32. c3 $17) 32... e5 $19 33. c3 exf4 34. gxf4 Rgd5 {Threatens to win with ...Bc5.} 35. cxd4 Rxd4 {[%mdl 4096] Endgame KRR-KRR} 36. Re7 (36. Rxd4 $142 Rxd4 37. f5) 36... Rd7 ({Resist} 36... Rxf4 37. Ra7) 37. Re8+ Kc7 38. Kg3 (38. f5 $142) 38... f5 39. Rc1 Rh7 40. Re5 (40. Re6 $142) 40... Rh3+ 41. Kg2 Rxf4 42. a4 c3 {[%cal Bc4c3,Bc3c2][%mdl 32]} 43. a5 Rhf3 44. Re6 (44. Rc5+ $142 Kd6 45. R5xc3 Rxf2+ 46. Kg1) 44... Rxf2+ 45. Kg3 R4f3+ 46. Kh4 c2 47. Kg5 Rd3 48. Re5 Kd6 49. Rxf5 Rxf5+ 50. Kxf5 Rc3 {Precision: White = 38%, Black = 81%.} 0-1

[Event "Dvorkovich Memorial Rapid 2018"]
[Site "Taganrog"]
[Date "2018.01.14"]
[Round "10"]
[White "Matjushin, Gennady"]
[Black "Simonyan, Grigori"]
[Result "1-0"]
[WhiteElo "2417"]
[BlackElo "2075"]
[Annotator "TA"]
[PlyCount "63"]
[EventDate "2018.??.??"]
[EventType "swiss"]
[EventCountry "RUS"]
[SourceTitle "playchess.com"]
[Source "ChessBase"]
[SourceQuality "1"]

{[%evp 9,63,-21,-8,-2,-14,-14,0,-11,4,-82,-29,-30,194,178,169,20,109,52,59,10,68,37,79,41,31,57,97,80,127,136,302,303,287,301,408,302,302,296,282,0,268,161,315,228,267,275,246,238,238,241,29984,29985,29996,0,29997,29998]} 1. b4 e6 2. Bb2 Nf6 3. b5 d5 4. Nf3 a6 (4... Bd6 5. e3 O-O 6. c4 Nbd7 7. cxd5 exd5 8. Qc2 Re8 9. Be2 Ne5 10. Bxe5 Bxe5 11. Nxe5 Rxe5 12. O-O Bf5 13. Qc5 b6 {1-0 (67) Degterev,P (2545)-Del Vecchio,A (2522) ICCF email 2007}) 5. a4 axb5 6. axb5 {A00: Irregular Openings} Rxa1 7. Bxa1 c6 8. e3 {The position is equal.} Bd6 9. g4 $146 (9. Be2 $11) ({Predecessor:} 9. Be2 Bd7 10. bxc6 Nxc6 11. O-O O-O 12. c4 dxc4 13. Bxc4 Na5 14. Be2 b5 15. Bxf6 Qxf6 {0-1 (39) Mehlhorn,U (2098)-Betker,J (2219) GER email 2012}) 9... Nxg4 (9... O-O $17 10. Rg1 Re8) 10. Rg1 $11 Nxh2 $2 (10... e5 $11 11. h3 Nf6) 11. Nxh2 Bxh2 {[#]} 12. Rxg7 (12. Rg2 $1 $18) 12... Rf8 (12... Bd6 $1 $11) 13. Rxh7 (13. Rg2 $16 Qh4 14. Bg7) 13... Bd6 $14 14. c4 dxc4 (14... Qg5 $11) 15. Nc3 {Black must now prevent Ne4.} Nd7 16. bxc6 bxc6 17. Ne4 Be5 18. f4 Bxa1 19. Qxa1 Nb6 $2 (19... Qb6 $16 {might work better.} 20. Bxc4 Qb4) 20. Be2 ({Don't play} 20. Nf6+ $6 Ke7 $18) 20... Nd5 21. Bxc4 Qc7 22. Qa3 Qe7 23. Qa8 Qc7 24. Qa3 Qe7 $1 {[%cal Re7a3]} 25. Qb2 Qc7 $2 (25... Qb4 26. Qe5 Kd8) 26. Qg7 Qb8 {Hoping for ...Qb1+.} 27. Kf2 {Strongly threatening Bxd5.} Qb4 28. Qe5 Ke7 29. f5 $40 {[%cal Bf4f5,Bf5f6][%mdl 160] Bxd5 is the strong threat. White wants a kill.} Qxc4 $2 (29... Kd8 $18 30. f6 Nb6) 30. f6+ Kd7 31. Qd6+ Ke8 {[#] And now ...Qb4 would win.} 32. Qxf8+ $1 {[%mdl 512] Precision: White = 40%, Black = 26%.} 1-0

[Event "Dvorkovich Memorial Rapid 2018"]
[Site "Taganrog"]
[Date "2018.01.14"]
[Round "10"]
[White "Kotenko, Pavel"]
[Black "Pshmahov, Osman"]
[Result "1-0"]
[WhiteElo "2403"]
[BlackElo "2103"]
[Annotator "ChessBase"]
[PlyCount "113"]
[EventDate "2018.??.??"]
[EventType "swiss"]
[EventCountry "RUS"]
[SourceTitle "playchess.com"]
[Source "ChessBase"]
[SourceQuality "1"]
[TimeControl "900+10"]

1. e4 {[%emt 0:00:00]} e6 {[%emt 0:00:13]} 2. d4 {[%emt 0:00:00]} d5 {[%emt 0:00:00]} 3. Nc3 {[%emt 0:00:00]} Nf6 {[%emt 0:00:10]} 4. e5 {[%emt 0:00:00]} Nfd7 {[%emt 0:00:04]} 5. f4 {[%emt 0:00:00]} c5 {[%emt 0:00:02]} 6. Nf3 {[%emt 0:00:00]} Nc6 {[%emt 0:00:14]} 7. Be3 {[%emt 0:00:02]} c4 {[%emt 0:00:31]} 8. f5 {[%emt 0:00:54]} exf5 {[%emt 0:01:37]} 9. Nxd5 {[%emt 0:00:10]} Qa5+ {[%emt 0:00:25]} 10. Nc3 {[%emt 0:00:21]} Bb4 {[%emt 0:00:07]} 11. Be2 {[%emt 0:04:03]} Nb6 {[%emt 0:00:27]} 12. O-O {[%emt 0:00:05]} Bxc3 {[%emt 0:00:00]} 13. bxc3 {[%emt 0:00:12]} Be6 {[%emt 0:00:01]} 14. Bd2 {[%emt 0:01:36]} O-O-O {[%emt 0:00:19]} 15. Ng5 {[%emt 0:00:24]} h6 {[%emt 0:00:15]} 16. Nxe6 {[%emt 0:00:15]} fxe6 {[%emt 0:00:01]} 17. a4 {[%emt 0:00:25]} g5 {[%emt 0:00:28]} 18. Rf2 {[%emt 0:00:48]} g4 {[%emt 0:01:24]} 19. Bf1 {[%emt 0:02:04]} Ne7 {[%emt 0:03:36]} 20. Qb1 {[%emt 0:00:38]} Ned5 {[%emt 0:01:00]} 21. Qb5 {[%emt 0:00:12]} Qxb5 {[%emt 0:00:02]} 22. axb5 {[%emt 0:00:01]} Kb8 {[%emt 0:00:00]} 23. g3 {[%emt 0:01:58]} Nc7 {[%emt 0:00:55]} 24. Bg2 {[%emt 0:01:08]} Nxb5 {[%emt 0:00:18]} 25. Rff1 {[%emt 0:00:29]} Nc7 {[%emt 0:02:34]} 26. Rfb1 {[%emt 0:00:27]} Ncd5 {[%emt 0:00:42]} 27. Ra3 {[%emt 0:00:28]} Rd7 {[%emt 0:01:23]} 28. Kf2 {[%emt 0:00:03]} h5 {[%emt 0:00:21]} 29. Bg5 {[%emt 0:00:17]} Rg8 {[%emt 0:00:13]} 30. Bd2 {[%emt 0:00:17]} Rf7 {[%emt 0:01:05]} 31. Rba1 {[%emt 0:02:43]} a6 {[%emt 0:00:04]} 32. Rb1 {[%emt 0:00:00]} Ka7 {[%emt 0:00:05]} 33. Ra2 {[%emt 0:00:00]} Rgf8 {[%emt 0:01:54]} 34. Kg1 {[%emt 0:00:00]} h4 {[%emt 0:00:10]} 35. Bf1 {[%emt 0:00:16]} Rh8 {[%emt 0:00:00]} 36. Bg2 {[%emt 0:00:07]} Rfh7 {[%emt 0:00:20]} 37. Kf2 {[%emt 0:00:37]} hxg3+ {[%emt 0:00:10]} 38. hxg3 {[%emt 0:00:10]} Rf8 {[%emt 0:00:10]} 39. Kg1 {[%emt 0:00:10]} Rff7 {[%emt 0:00:10]} 40. Bh1 {[%emt 0:00:00]} Rh3 {[%emt 0:00:10]} 41. Be1 {[%emt 0:00:00]} f4 {[%emt 0:00:10]} 42. Bg2 {[%emt 0:00:00]} Rxg3 {[%emt 0:00:10]} 43. Bxg3 {[%emt 0:00:40]} Nxc3 {[%emt 0:00:10]} 44. Rxb6 {[%emt 0:00:10]} Nxa2 {[%emt 0:00:10]} 45. Rxe6 {[%emt 0:00:10]} fxg3 {[%emt 0:00:10]} 46. Rf6 {[%emt 0:00:10]} Re7 {[%emt 0:00:10]} 47. e6 {[%emt 0:00:10]} Nc3 {[%emt 0:00:10]} 48. d5 {[%emt 0:00:10]} Ne2+ {[%emt 0:00:10]} 49. Kf1 {[%emt 0:00:10]} Nd4 {[%emt 0:00:10]} 50. Rf7 {[%emt 0:00:10]} Re8 {[%emt 0:00:10]} 51. d6 {[%emt 0:00:10]} Rxe6 {[%emt 0:00:10]} 52. Rxb7+ {[%emt 0:00:10]} Ka8 {[%emt 0:00:00]} 53. d7 {[%emt 0:00:10]} Rf6+ {[%emt 0:00:20]} 54. Ke1 {[%emt 0:00:10]} Nxc2+ {[%emt 0:00:10]} 55. Kd2 {[%emt 0:00:10]} Rf2+ {[%emt 0:00:10]} 56. Kc3 {[%emt 0:00:10]} Rxg2 {[%emt 0:00:10]} 57. Rc7 {[%emt 0:00:10]} 1-0

[Event "Dvorkovich Memorial Rapid 2018"]
[Site "Taganrog"]
[Date "2018.01.14"]
[Round "10"]
[White "Vastrukhin, Oleg"]
[Black "Kryakvin, Dmitry"]
[Result "1/2-1/2"]
[WhiteElo "2398"]
[BlackElo "2580"]
[Annotator "TA"]
[PlyCount "127"]
[EventDate "2018.??.??"]
[EventType "swiss"]
[EventCountry "RUS"]
[SourceTitle "playchess.com"]
[Source "ChessBase"]
[SourceQuality "1"]

{[%evp 16,127,10,-6,-13,-12,-10,2,9,-32,-7,-15,-11,-16,0,-37,-15,-7,-15,-8,-20,-13,0,0,0,0,0,-6,-5,-6,-6,-6,0,3,25,20,28,6,7,-63,61,-27,-26,-35,-17,-56,-66,-93,-54,-56,-41,-133,-141,-131,-137,-135,-95,-127,-127,-112,-38,-40,-40,-40,-34,-48,-35,-45,-41,-72,-75,-64,-10,-18,0,-10,-8,-120,-30,-27,-4,-55,-55,-55,-55,-55,-55,-55,-55,-75,-59,-62,-18,-18,-18,-48,-8,-8,-8,-8,-8,-8,-8,-8,-8,-8,-8,-8,-8,-8,0,0,0,0]} 1. Nf3 d5 2. g3 Bg4 3. Bg2 Nd7 4. d4 e6 5. O-O Ngf6 6. c4 c6 7. Qb3 Qb6 8. Nc3 Be7 9. c5 Qa6 {D11: Slav Defence: 3 Nf3 sidelines and 3...Nf6 4 e3 Bg4} 10. Bf4 b6 11. cxb6 axb6 12. Rfc1 O-O 13. h3 Bh5 {[%cal Bg4h5,Bh5g6,Bg6d3,Bd3c4][%mdl 32]} 14. a4 Rfc8 15. e3 $146 ({Predecessor:} 15. g4 Bg6 16. Bf1 Qa5 17. Bd2 {0-1 (28) Yegiazarian,A (2400)-Lputian,S (2590) Yerevan 1994}) 15... Qa5 16. g4 Bg6 17. Nh4 Bd3 18. g5 Bc4 19. Qd1 Ne8 20. b3 Ba6 $1 21. e4 Bd6 22. e5 $36 {[%mdl 2048] White is more active.} Bf8 23. Nf3 Qb4 24. h4 Qe7 25. h5 c5 26. Rab1 Nc7 27. Nh2 (27. Bf1 $11) 27... b5 (27... cxd4 $15 28. Qxd4 Qa3) 28. axb5 (28. dxc5 $14 Nxc5 29. Be3) 28... Nxb5 $11 29. Nxb5 Bxb5 30. Ng4 cxd4 31. Qxd4 Qb4 32. Qxb4 Bxb4 33. h6 ({White should try} 33. Bf1 $15 Rxc1 34. Bxc1) 33... Bd3 $17 34. Rxc8+ Rxc8 35. Ra1 Be2 36. Ra7 Nc5 37. Ne3 d4 ({But not} 37... Nxb3 $2 38. Rb7 $18) (37... Nd3 $17 38. Bg3 Bh5) 38. Nc4 Bxc4 39. bxc4 d3 {Strongly threatening ...d2.} 40. Bf3 d2 41. Be3 Nd3 42. Rb7 Nxe5 43. Be2 Nc6 ({Not} 43... Nxc4 44. Rxb4 Kf8 45. hxg7+ Kxg7 46. Bd4+ Kg6 47. Bc3 $16) ({Better is} 43... Ba5 $15 44. Rb1 Rd8) 44. Kf1 $11 Rd8 45. Bd1 Bf8 {Threatening ...Na5.} 46. Ke2 (46. c5 $11) 46... Nd4+ (46... Na5 $17 47. hxg7 Ba3) 47. Kxd2 Nf5+ 48. Ke2 (48. Ke1 $11) 48... Nxe3 $15 49. fxe3 gxh6 50. gxh6 Bxh6 {[%mdl 4096] Endgame KRB-KRB} 51. Ba4 Bf8 52. Rc7 h5 53. c5 Ra8 54. Bc6 Ra2+ 55. Kf3 Bxc5 {White must now prevent ...Kf8.} 56. Be8 {The position is equal.} Kf8 {[#] Hoping for ...Bb6.} 57. Bxf7 Bb6 58. Rb7 Ra3 59. Bxh5 Rxe3+ 60. Kf4 Bd4 61. Rf7+ Kg8 62. Rd7 Re1 63. Bf7+ Kf8 64. Bxe6 {Precision: White = 49%, Black = 48%.} 1/2-1/2